Ösztönzés, elégedettség, Cafeteria

Bibliográfiai részletek
Szerző: Szentgyörgyi Blanka
További közreműködők: Andrási Mónika
Dokumentumtípus: Diplomadolgozat
Kulcsszavak:Ösztönzés
Elégedettség
Cafeteria
Online Access:http://dolgozattar.uni-bge.hu/12101

MARC

LEADER 00000nta a2200000 i 4500
001 dolg12101
005 20170517141150.0
008 170517suuuu hu om 000 hun d
040 |a BGE Dolgozattár Repozitórium  |b hun 
041 |a hu 
100 1 |a Szentgyörgyi Blanka 
245 1 0 |a Ösztönzés, elégedettség, Cafeteria  |c Szentgyörgyi Blanka  |h [elektronikus dokumentum] 
695 |a Ösztönzés 
695 |a Elégedettség 
695 |a Cafeteria 
700 1 |a Andrási Mónika  |e ths 
856 4 0 |u http://dolgozattar.uni-bge.hu/12101/1/SZAKDOLGOZAT_repozit%C3%B3rium.pdf  |z Dokumentum-elérés